00399 a2200109 4500001001000000005001700010008004100027245005300068100002300121773012800144999001700272ART_2317120260410161929.0260409a 10aLa relación docente-discente en la Universidad1 aLetizia, Francisco0 tRevista de la Facultad de Ciencias Económicas de la Universidad de Cuyog- Año XXXII, Nº 81 (ene./jun. 1980)wREV22981 c28439d28439